Países da Ásia por ordem alfabética - Statistics

Estatísticas Gerais
  • Esse quiz foi jogado 98 vezes
  • A pontuação média é 34 de 48
Estatísticas das Respostas
Resposta % Correto
Afeganistão
99%
Armênia
93%
Arábia Saudita
91%
Azerbaijão
89%
Bahrein
83%
Bangladesh
81%
Butão
79%
Brunei
76%
China
74%
Catar
73%
Coreia do Norte
73%
Coreia do Sul
73%
Camboja
71%
Cazaquistão
71%
Chipre
71%
Emirados Árabes Unidos
71%
Filipinas
71%
Geórgia
71%
Índia
71%
Birmânia
70%
Indonésia
70%
Israel
70%
Jordânia
70%
Irã
69%
Iraque
69%
Laos
69%
Kuweit
67%
Maldivas
67%
Turcomenistão
67%
Iêmen
66%
Japão
66%
Líbano
66%
Paquistão
66%
Vietnã
66%
Malásia
64%
Nepal
64%
Omã
64%
Turquia
64%
Uzbequistão
64%
Taiwan
63%
Tajiquistão
63%
Quirguistão
61%
Tailândia
61%
Mongólia
60%
Singapura
59%
Sri Lanka
59%
Síria
57%
Timor-Leste
54%
Nenhum quiz correspondente encontrado
Distribuição das Pontuações
Porcentagem de Pessoas com Cada Pontuação
Percentil de Números Respondidos
Sua Pontuação Histórica
Você não jogou esse quiz